00830pam a2200193 a 4500020001500000020002100015041001300036082001500049100002000064245013100084260004200215300002400257500007900281500009500360650002500455942000700480952013200487999001700619 a0883445573 a0883445565(pbk.)1 aeng/ fre00a282.8bRIC1 aRichard, Pablo.10aDeath of christendoms, birth of the church : Historical Analysis and Theological Interpretation of the church in Latin America aMaryknoll, NY :bOrbis Books,cc1987. ax, 213 p. :bill. ; aTranslation of: Mort des chrétientés et naissance de l'Église. 1978. a"Incorporates alterations and updatings by the author in the Spanish version"--T.p. verso. 0aLiberation theology. cBK 00104070aHMIbHMIcGENd2020-01-23eLutheran School of Theology, Chicagol0o282.8 RICp11004136r2026-01-16w2026-01-16yBK c22830d22830